Ľudia budú pre retail dôležitejší ako prevratné technológie

Technológie v súčasnosti formujú moderný maloobchod. Jedným z trendov obchodníkov je ústup hypermarketov a návrat k ľuďom, k čomu budú prispievať moderné technológie. Nastupujúcu generáciu osloví dostupnosť, jednoduchosť a pohodlie pri nákupe.

Gespeichert in:
Bibliographische Detailangaben
1. Verfasser: Legéň, Marek
Format: Buchkapitel
Sprache:Slowakisch
Schlagworte:
Tags: Tag hinzufügen
Keine Tags, Fügen Sie das erste Tag hinzu!

MARC

LEADER 00000naa a2200000 4500
001 0234438
005 20221104112647.8
041 0 |a slo 
044 |a SK 
245 1 0 |a Ľudia budú pre retail dôležitejší ako prevratné technológie  |c Marek Legéň 
520 |a Technológie v súčasnosti formujú moderný maloobchod. Jedným z trendov obchodníkov je ústup hypermarketov a návrat k ľuďom, k čomu budú prispievať moderné technológie. Nastupujúcu generáciu osloví dostupnosť, jednoduchosť a pohodlie pri nákupe. 
610 2 0 |a retailing 
610 2 0 |a maloobchod 
610 2 0 |a spotrebitelia 
610 2 0 |a prieskum spotrebiteľský 
610 2 0 |a technológie nové 
610 2 0 |a služby obchodné 
100 1 |a Legéň, Marek